| 000 | 02755cam a22006254i 4500 | ||
|---|---|---|---|
| 003 | PE-LiUPU | ||
| 005 | 20250731180153.0 | ||
| 008 | 150706s r 000 0 d | ||
| 020 | _a9788429151664 | ||
| 035 | _a(Sirsi) i9788429151664 | ||
| 040 |
_aPE-LiUPU _bspa _cPE-LiUPU _erda |
||
| 049 | _aPRUA | ||
| 082 | 0 | 4 |
_a515.83 _bR75 _221 |
| 100 | 1 |
_aRogawski, Jon, _eautor. |
|
| 245 | 1 | 0 |
_aCálculo : _buna variable / _cJon Rogawski ; versión española traducida por Gloria García García ; revisada por Martín Jimeno Jiménez. |
| 250 | _a2a edición. | ||
| 264 | 1 |
_aBarcelona : _bReverté, _c2012. |
|
| 300 |
_a662 páginas : _bilustraciones ; _c27 centímetros. |
||
| 336 |
_atext _2rdacontent |
||
| 337 |
_aunmediated _2rdamedia |
||
| 338 |
_avolume _2rdacarrier |
||
| 505 | 0 | _aRepaso de conceptos previos -- Límites -- Derivación -- Aplicaciones de la derivada -- La integral -- Aplicaciones de la derivada -- La integral -- Aplicaciones de la integral -- Funciones de integración -- Otras aplicaciones de la integral y polinomios de Taylor -- Introducción a las ecuaciones diferenciales -- Series infinitas -- Ecuaciones paramétricas, coordenadas polares y secciones cónicas. | |
| 526 | _aSEG44 | ||
| 526 | _aSEG26 | ||
| 526 | _aP159 | ||
| 526 | _aP155 | ||
| 526 | _aP154 | ||
| 526 | _aP153 | ||
| 526 | _aP150 | ||
| 526 | _aP100 | ||
| 526 | _aP31 | ||
| 526 | _aP30 | ||
| 526 | _aP26 | ||
| 526 | _aP25 | ||
| 526 | _aP24 | ||
| 526 | _aP22 | ||
| 526 | _aP15 | ||
| 526 | _aP10 | ||
| 541 | _g015-0016191; | ||
| 541 | _g043-0014568; | ||
| 650 | 0 | 4 | _aCálculo. |
| 650 | 0 | 4 |
_aAnálisis matemático. _95276 |
| 650 | 0 | 4 |
_aCálculo _xProblemas, ejercicios, etc. |
| 700 | 1 |
_aGarcía García, Gloria, _etr. |
|
| 700 | 1 |
_aJimeno Jiménez, Martín, _erev. |
|
| 910 |
_agl _cng _d20140202 |
||
| 910 |
_cwelc _d20161024 |
||
| 942 |
_2ddc _cBOOK |
||
| 949 |
_a515.83 R75 _wDEWEY _c1 _i69126 _lCCODEBUL1 _mBUL _p60.00 _r0 _sY _tBOOK _u2015-7-6 _xINGENIERIA _PP24 _o.STAFF. Colección General |
||
| 949 |
_a517 R75 2012 _wDEWEY _c1 _iFJ0305 _lCCODEBUJ1 _mBUJ _p32.26 _r0 _sY _tBOOK _u2016-10-24 _xINGENIERIA _PP25 _0COMPRA _o.STAFF. Colección General Juliaca |
||
| 994 |
_aC0 _bPEPRU |
||
| 596 | _a1 3 | ||
| 999 |
_a517 R75 _wDEWEY _c56190 _i69126 _d56190 _e2019-9-8 _f2021-11-9 _g7 _lCCODEBUL1 _mBUL _n6 _p60.00 _q3 _r0 _sY _tBOOK _u2015-7-6 _xINGENIERIA _PP24 _0COMPRA _o.STAFF. Colección General |
||
| 999 |
_a517 R75 2012 _wDEWEY _c1 _iFJ00305 _d2017-10-17 _e2017-9-18 _f2017-12-28 _g1 _lCCODEBUJ1 _mBUJ _n2 _p32.26 _q2 _r0 _sY _tBOOK _u2015-9-1 _xINGENIERIA _PP25 _0COMPRA _o.STAFF. Colección General Juliaca |
||
| 980 |
_81 _gALBERTO SANCHEZ Responsable de Automatización |
||